| 000 | 00858nas a2200277 4500 | ||
|---|---|---|---|
| 001 | BR2010002005 | ||
| 003 | BR-BrBNA | ||
| 005 | 20231205114151.0 | ||
| 007 | ta | ||
| 008 | 230509b bl.|||p| |||| 00| 00por d | ||
| 040 |
_aBR-BrBNA _bpor _cBiblioteca Nacional de Agricultura |
||
| 041 | _a(Pt) | ||
| 072 | _aQ02; Q04 | ||
| 100 | 1 | _aNascimento, R.Q. | |
| 100 | 1 | _aOliveira, V.R. de | |
| 245 | 1 | _aElaboração de bolo de chocolate sem glúten, para portadores de doença celíaca | |
| 650 | _aBOLO | ||
| 650 | _aPRODUTO DE PANIFICAÇÃO | ||
| 650 | _aCHOCOLATE | ||
| 650 | _aCEREAL | ||
| 650 | _aTECNOLOGIA DE ALIMENTO | ||
| 650 | _aPROPRIEDADE ORGANOLÉPTICA | ||
| 773 | 0 |
_tHigiene Alimentar (Brazil) _xISSN 0101-9171 _g(Jan-Feb 2010), v. 24(180-181) p. 22-27 _wBR2010002005 |
|
| 909 |
_a202311 _bLúcia _c55 _dLúcia Elande |
||
| 942 |
_2AGRIS _n0 _cANA |
||
| 999 |
_c207393 _d207393 |
||